ნორმალური ფორმატი
MARC ფორმატი
ჩანაწერი Corporate Name
ჩანაწერთა რაოდენობა, რომელიც გამოყენებულია: 1
001 - CONTROL NUMBER
- control field: 12830
003 - CONTROL NUMBER IDENTIFIER
- control field: GE_BSU
005 - DATE AND TIME OF LATEST TRANSACTION
- control field: 20211104163044.0
008 - FIXED-LENGTH DATA ELEMENTS
- fixed length control field: 211104|| aca||aabn | a|a d
040 ## - CATALOGING SOURCE
- Original cataloging agency: GE_BSU
- Transcribing agency: GE_BSU
110 ## - HEADING--CORPORATE NAME
- Corporate name or jurisdiction name as entry element: ბათუმის შოთა რუსთაველის სახ-ფო უნ-ტი. ქრისტიანული კულტურის კვლევის ცენტრი
670 ## - SOURCE DATA FOUND
- Source citation: Work cat.: (GE_BSU): ჩვენი სულიერების ბალავარი: საერთაშორისო სამეცნიერო კონფერენციის მასალები : III
